[Event "AUTO-MASTER-1633"]
[Site "http://www.queenalice.com/game.php?id=1050720"]
[Date "2012.4.20"]
[Round "1"]
[White "Bruscato"]
[Black "Alicepolgar"]
[Result "0-1"]
[WhiteElo "2096"]
[BlackElo "2083"]

1. e4 e6 2. d4 d5 3. e5 c5 4. c3 Nc6 5. Nf3 Qb6 6. Be2 Nh6 7. dxc5 Bxc5 8. O-O
Ng4 9. Qe1 Ngxe5 10. Bf4 Nxf3+ 11. Bxf3 Qxb2 12. Nd2 O-O 13. Nb3 Be7 14. Nd4
Nxd4 15. cxd4 Qxd4 16. Be5 Qh4 17. g3 Qh6 18. Qc3 Bf6 19. Bxf6 Qxf6 20. Qxf6
gxf6 21. Rab1 b6 22. Rfc1 Ba6 23. Rc7 Bc4 24. Bh5 Kg7 25. a4 f5 26. a5 b5 27. g4
fxg4 28. Bxg4 Kf6 29. f4 Rg8 0-1

[Event "AUTO-MASTER-1633"]
[Site "http://www.queenalice.com/game.php?id=1050721"]
[Date "2012.4.20"]
[Round "1"]
[White "Alicepolgar"]
[Black "Bruscato"]
[Result "0-1"]
[WhiteElo "2110"]
[BlackElo "1974"]

1. d4 Nf6 2. c4 c5 3. d5 d6 4. Nc3 g6 5. e4 Bg7 6. Bd3 Nbd7 7. a4 a6 8. Bg5 h6
9. Bh4 Ne5 10. Nge2 g5 11. Bg3 Ng6 12. O-O O-O 13. f4 gxf4 14. Bxf4 Nxf4 15.
Nxf4 Bd7 16. Kh1 Rb8 17. Qf3 b5 18. axb5 axb5 19. cxb5 Ng4 20. Qg3 Nf6 21. Rae1
Qa5 22. e5 dxe5 23. Rxe5 Rfe8 24. Rfe1 c4 25. Bxc4 Qb4 26. b3 Ra8 27. h3 Kh7 28.
Bd3+ Kh8 29. Bc4 Rac8 30. Ne4 Nh7 31. Rh5 f5 32. d6 Rxc4 33. Ng6+ Kg8 34. bxc4
fxe4 35. Nxe7+ Rxe7 36. dxe7 Qxe7 37. c5 Bxb5 38. Qb3+ Qf7 39. Rd5 Nf8 40. Red1
Bd3 41. c6 Be5 42. Qb5 Bxb5 0-1

[Event "AUTO-MASTER-1633"]
[Site "http://www.queenalice.com/game.php?id=1050730"]
[Date "2012.4.20"]
[Round "1"]
[White "Alicepolgar"]
[Black "tariann"]
[Result "1-0"]
[WhiteElo "2092"]
[BlackElo "2046"]

1. d4 d5 2. c4 e5 3. dxe5 d4 4. Nf3 Nc6 5. g3 Bg4 6. Bg2 Bb4+ 7. Bd2 Qe7 8. O-O
O-O-O 9. Bxb4 Qxb4 10. Nbd2 Qxb2 11. Qa4 Qb4 12. Qc2 Qe7 13. Qe4 Bxf3 14. Nxf3
Nf6 15. Qf5+ Qd7 16. Qd3 Ng4 17. Bh3 Kb8 18. Qe4 h5 19. Rab1 Ka8 20. Rb5 d3 21.
Rd5 Nxf2 22. Rxd7 Nxe4 23. exd3 Nc5 24. Rxc7 Rxd3 25. Rxf7 Rc3 26. Rxg7 Rxc4 27.
e6 Re8 28. Re1 Re4 29. Rxe4 Nxe4 30. Ng5 Nxg5 31. Rxg5 Kb8 32. Rxh5 Nd4 33. Rh6
Ne2+ 34. Kf2 Nc3 35. a3 Kc7 36. Rh7+ Kb6 37. Bg2 Rxe6 38. Bxb7 Nb5 39. Bc8 Rc6
40. Rb7+ Ka5 41. Rxb5+ Kxb5 42. Bd7 1-0

[Event "AUTO-MASTER-1633"]
[Site "http://www.queenalice.com/game.php?id=1050731"]
[Date "2012.4.20"]
[Round "1"]
[White "tariann"]
[Black "Alicepolgar"]
[Result "0-1"]
[WhiteElo "2035"]
[BlackElo "2100"]

1. e4 e6 2. d4 d5 3. Nc3 Bb4 4. exd5 exd5 5. Bd2 Bxc3 6. bxc3 Nf6 7. Nf3 O-O 8.
Be2 c5 9. O-O c4 10. Re1 Nc6 11. Qc1 Bg4 12. h3 Bh5 13. Ng5 Bxe2 14. Rxe2 h6 15.
Nf3 Ne4 16. Bf4 Nxc3 17. Re3 Ne4 18. Ne5 Qf6 19. Nxc6 bxc6 20. f3 Qxf4 21. fxe4
dxe4 22. Qe1 f5 23. Qc3 Kh8 24. Rae1 Qd6 25. Qxc4 Rad8 26. c3 a5 27. Qa6 Qd5 28.
a3 Rde8 29. Rg3 Rf6 30. Qa7 Rg8 31. Rb1 f4 32. Rg4 h5 33. Rh4 Qg5 0-1

[Event "AUTO-OPEN-2664"]
[Site "http://www.queenalice.com/game.php?id=1050740"]
[Date "2012.4.20"]
[Round "1"]
[White "lobsomem"]
[Black "Alicepolgar"]
[Result "1-0"]
[WhiteElo "2070"]
[BlackElo "2092"]

1. d4 Nf6 2. Nf3 e6 3. c4 d5 4. Nc3 Bb4 5. Bg5 Nbd7 6. e3 c6 7. cxd5 cxd5 8. Bd3
Qa5 9. Qc2 Bxc3+ 10. bxc3 h6 11. Bh4 b6 12. O-O Bb7 13. Bg3 Rc8 14. Rfc1 O-O 15.
Bd6 b5 16. Bxf8 Rxf8 17. Qb3 a6 18. a4 Qb6 19. axb5 axb5 20. Qxb5 1-0

[Event "AUTO-OPEN-2664"]
[Site "http://www.queenalice.com/game.php?id=1050768"]
[Date "2012.4.20"]
[Round "1"]
[White "Alicepolgar"]
[Black "TorresR"]
[Result "1-0"]
[WhiteElo "2079"]
[BlackElo "1075"]

1. d4 d5 2. c4 Nc6 3. cxd5 Qxd5 4. e3 Nf6 5. Nc3 Qa5 6. Bd2 Nb4 7. Bc4 c6 8. Nf3
Bg4 9. O-O e6 10. h3 h5 11. a3 Na6 12. Nd5 Qd8 13. Nf4 Nc7 14. hxg4 hxg4 15. Ne5
Ne4 16. g3 Bd6 17. Bb4 a6 18. Qxg4 Qf6 19. Bxd6 Nxd6 20. Kg2 Nxc4 21. Nxc4 O-O-O
22. Rh1 b5 23. Ne5 g5 24. Nfd3 a5 25. Nxc6 Rde8 26. Nxa5 Rh6 27. Qe4 Reh8 28.
Qb7+ Kd8 29. Nc6+ Ke8 30. Qxc7 Kf8 31. Rxh6 Qxh6 32. Nce5 Qh2+ 33. Kf3 1-0

[Event "AUTO-OPEN-2664"]
[Site "http://www.queenalice.com/game.php?id=1050769"]
[Date "2012.4.20"]
[Round "1"]
[White "TorresR"]
[Black "Alicepolgar"]
[Result "0-1"]
[WhiteElo "1075"]
[BlackElo "2081"]

1. e4 e6 2. d4 d5 3. e5 c5 4. Nf3 Nc6 5. Nc3 Bd7 6. Bg5 Qb6 7. dxc5 Bxc5 8. Bd3
Bxf2+ 9. Kd2 d4 10. Na4 Qa5+ 11. c3 dxc3+ 12. Nxc3 Bd4 13. Qb3 Bxe5 14. Rae1
Bxc3+ 15. Qxc3 Qxc3+ 16. Kxc3 Nge7 17. Rhf1 O-O 18. Kc2 Rac8 19. Kb1 Nd5 20. g3
Ncb4 21. Be4 f6 22. Bd2 Nc6 23. h4 a5 24. g4 b5 25. h5 f5 26. gxf5 Nf6 27. fxe6
Bxe6 28. h6 Nxe4 29. Bc3 Nxc3+ 30. bxc3 Bc4 31. hxg7 Rf5 32. Nd2 Bxf1 33. Rxf1
Rxf1+ 0-1

[Event "AUTO-OPEN-2664"]
[Site "http://www.queenalice.com/game.php?id=1050770"]
[Date "2012.4.20"]
[Round "1"]
[White "Alicepolgar"]
[Black "xispirito"]
[Result "0-1"]
[WhiteElo "2107"]
[BlackElo "1880"]

1. d4 Nf6 2. c4 e5 3. e3 exd4 4. exd4 d5 5. Nf3 c6 6. Bd3 Bd6 7. c5 Be7 8. O-O
O-O 9. Qc2 b6 10. b4 a5 11. Bd2 axb4 12. Bxb4 Na6 13. Ba3 bxc5 14. Bxc5 Bxc5 15.
dxc5 Nb4 16. Qd2 Nxd3 17. Qxd3 Ba6 18. Qd4 Bxf1 19. Kxf1 Re8 20. Nbd2 Ne4 21. g3
Qa5 22. Nb3 Qc3 23. Kg2 Qxd4 24. Nfxd4 Ra6 25. a4 Nc3 26. a5 g6 27. f3 Rb8 28.
Kf2 Nb5 29. Ke3 Nxd4 30. Nxd4 Rb2 31. h4 h5 32. Ra3 Kg7 33. g4 hxg4 34. fxg4 Rh2
35. Nf3 Rc2 36. Ne5 Rxc5 37. Rb3 Raxa5 0-1

[Event "AUTO-OPEN-2664"]
[Site "http://www.queenalice.com/game.php?id=1050771"]
[Date "2012.4.20"]
[Round "1"]
[White "xispirito"]
[Black "Alicepolgar"]
[Result "0-1"]
[WhiteElo "1907"]
[BlackElo "2084"]

1. d4 Nf6 2. c4 e6 3. Nc3 Bb4 4. Nf3 c5 5. a3 cxd4 6. axb4 dxc3 7. bxc3 O-O 8.
Bf4 b6 9. Bd6 Re8 10. Qc2 Bb7 11. e3 Bxf3 12. gxf3 Nc6 13. c5 Ne7 14. Bg2 Rc8
15. Rxa7 Nf5 16. O-O Nxd6 17. cxd6 Nd5 18. c4 Nxb4 19. Qb3 Nc6 20. Rb7 Na5 21.
Qxb6 Nxb7 22. Qxb7 Rxc4 23. f4 Qb8 24. Qa6 Rb4 25. Qd3 Qb5 26. Qc2 Rb8 27. Be4
f5 28. Bd3 Qd5 29. Rd1 Rb2 30. Qa4 Qxd6 31. Bb5 Qb4 32. Qxb4 Rxb4 33. Bxd7 Kf7
34. Kg2 Ke7 35. Bc6 Rd8 36. Ra1 Rc4 37. Bb5 Rc7 38. Ra6 h5 39. Kg3 Kf6 40. Be2
g6 41. Bb5 Rd2 42. Ra8 Rcc2 43. Be8 Rxf2 0-1

[Event "AUTO-MASTER-1705"]
[Site "http://www.queenalice.com/game.php?id=1089357"]
[Date "2012.8.1"]
[Round "1"]
[White "Alicepolgar"]
[Black "FabioSelinger"]
[Result "1-0"]
[WhiteElo "2105"]
[BlackElo "2092"]

1. d4 d5 2. c4 e6 3. Nc3 Nf6 4. Nf3 c6 5. cxd5 exd5 6. Bg5 Be7 7. e3 Qa5 8. Bxf6
Bxf6 9. Be2 O-O 10. O-O Nd7 11. a3 g6 12. b4 Qc7 13. h3 Bg7 14. Rc1 Qd6 15. Qb3
Nf6 16. b5 Bd7 17. Ne5 c5 18. Nxd7 Nxd7 19. dxc5 Nxc5 20. Qxd5 Qxd5 21. Nxd5 b6
22. Bf3 Rad8 23. a4 Rd7 24. Rc4 Rfd8 25. Nb4 Rd2 26. Nc6 R8d7 27. a5 Nb3 28.
axb6 axb6 29. Ra4 Bc3 30. Ra8+ Kg7 31. Rb8 Ba5 32. Rb1 Nc5 33. Nxa5 bxa5 34. b6
a4 35. b7 Kf6 36. Ra8 1-0

[Event "AUTO-MASTER-1705"]
[Site "http://www.queenalice.com/game.php?id=1089358"]
[Date "2012.8.1"]
[Round "1"]
[White "FabioSelinger"]
[Black "Alicepolgar"]
[Result "0-1"]
[WhiteElo "2077"]
[BlackElo "2117"]

1. e4 e6 2. d4 d5 3. Nc3 Nf6 4. Bg5 Be7 5. e5 Nfd7 6. Bxe7 Qxe7 7. f4 a6 8. Nf3
c5 9. Bd3 Nc6 10. Ne2 c4 11. Bxc4 dxc4 12. O-O f5 13. d5 Qc5+ 14. Kh1 Qxd5 15.
Ned4 O-O 16. c3 Nc5 17. Nxc6 Qxc6 18. Nd4 Qd5 19. Nf3 b5 20. Qxd5 exd5 21. Rad1
Be6 22. Nd4 Rad8 23. Rf3 Rfe8 24. Rf2 Ne4 25. Rf3 h5 26. Kg1 Kf7 27. Kf1 Nc5 28.
b3 Nd3 29. b4 Ra8 30. a3 Reb8 31. Rd2 a5 32. Nc6 Rb6 33. Nxa5 g6 34. h4 Rba6 35.
g3 Rxa5 36. bxa5 Rxa5 37. Ra2 Ke7 38. Ra1 Kd7 39. Ke2 Kc6 40. Kd2 Nc5 41. Kc2
Nb3 42. Rff1 Nxa1+ 0-1

[Event "AUTO-MASTER-1705"]
[Site "http://www.queenalice.com/game.php?id=1089359"]
[Date "2012.8.1"]
[Round "1"]
[White "Alicepolgar"]
[Black "reynel"]
[Result "0-1"]
[WhiteElo "2142"]
[BlackElo "1912"]

1. d4 d5 2. c4 e6 3. Nc3 Nf6 4. Nf3 c5 5. dxc5 Bxc5 6. e3 Nc6 7. cxd5 Nxd5 8.
Nxd5 exd5 9. Be2 O-O 10. O-O Be6 11. b3 d4 12. Qc2 Qd6 13. Rd1 Qd5 14. Bc4 Qd6
15. Bxe6 fxe6 16. exd4 Nxd4 17. Nxd4 Bxd4 18. Bb2 e5 19. Bxd4 exd4 20. Qc4+ Kh8
21. Rxd4 Qf6 22. Rf1 Rac8 23. Qd3 a6 0-1

[Event "AUTO-MASTER-1705"]
[Site "http://www.queenalice.com/game.php?id=1089360"]
[Date "2012.8.1"]
[Round "1"]
[White "reynel"]
[Black "Alicepolgar"]
[Result "1-0"]
[WhiteElo "1937"]
[BlackElo "2123"]

1. d4 Nf6 2. c4 e6 3. Nc3 d5 4. Bf4 c6 5. e3 Bb4 6. a3 Bxc3+ 7. bxc3 Qa5 8. Qb3
O-O 9. cxd5 exd5 10. Bd3 h6 11. h3 Re8 12. Nf3 Nbd7 13. O-O Ne4 14. Bxe4 Rxe4
15. Nd2 Re6 16. Rfe1 Nf6 17. Be5 a6 18. e4 dxe4 19. Nxe4 Nxe4 20. Rxe4 Qd5 21.
Qc2 Rg6 22. g4 1-0

[Event "AUTO-MASTER-1705"]
[Site "http://www.queenalice.com/game.php?id=1089361"]
[Date "2012.8.1"]
[Round "1"]
[White "Alicepolgar"]
[Black "HILITO"]
[Result "1-0"]
[WhiteElo "2126"]
[BlackElo "2068"]

1. d4 c6 2. c4 d5 3. Nc3 Nf6 4. Nf3 g6 5. e3 Bg7 6. b3 O-O 7. Be2 Bg4 8. O-O
Nbd7 9. Bb2 Re8 10. Rc1 e6 11. h3 Bxf3 12. Bxf3 Rc8 13. Qe2 e5 14. dxe5 Nxe5 15.
cxd5 Nxf3+ 16. Qxf3 cxd5 17. Ne2 Ne4 18. Rxc8 Qxc8 19. Rc1 Qd7 20. Bxg7 Kxg7 21.
Nc3 Nxc3 22. Rxc3 Qd6 23. Rd3 Rd8 24. Qd1 a6 25. Rd4 Qe5 26. e4 Re8 27. exd5 Qd6
28. g3 b5 29. Kg2 f6 30. Qc2 Re7 31. Qc6 Rd7 32. Qxd6 Rxd6 33. f4 f5 34. Kf3 Kf6
35. Ke3 h6 36. h4 Rd8 37. Rd2 Re8+ 38. Kd4 Re1 39. Kc5 Ke7 40. Kc6 1-0

[Event "AUTO-MASTER-1705"]
[Site "http://www.queenalice.com/game.php?id=1089362"]
[Date "2012.8.1"]
[Round "1"]
[White "HILITO"]
[Black "Alicepolgar"]
[Result "1/2-1/2"]
[WhiteElo "2060"]
[BlackElo "2128"]

1. e4 e6 2. d3 d5 3. Nd2 c5 4. Ngf3 Nc6 5. g3 Bd7 6. Bg2 h5 7. h4 Be7 8. Nb3 Nf6
9. exd5 exd5 10. Bg5 Qb6 11. Rb1 O-O-O 12. O-O Rde8 13. c3 Ng4 14. Bxe7 Rxe7 15.
Qd2 f6 16. Rbe1 Rhe8 17. Rxe7 Rxe7 18. Re1 Rxe1+ 19. Nxe1 Ne7 20. Qe2 Kd8 21. d4
cxd4 22. Nxd4 Qd6 23. Nd3 Ne5 24. Nf4 g6 25. b3 a6 26. Nd3 Nxd3 27. Qxd3 Qe5 28.
Nf3 Qe4 1/2-1/2

[Event "AUTO-MASTER-1573"]
[Site "http://www.queenalice.com/game.php?id=1096297"]
[Date "2012.8.25"]
[Round "2"]
[White "Alicepolgar"]
[Black "Ronsini"]
[Result "0-1"]
[WhiteElo "2159"]
[BlackElo "2246"]

1. d4 d5 2. c4 e6 3. Nc3 Nf6 4. Nf3 c6 5. Bg5 Nbd7 6. e3 Qa5 7. Bxf6 Nxf6 8. Nd2
Bb4 9. Qb3 O-O 10. Bd3 Bd6 11. c5 Bb8 12. O-O e5 13. Qc2 e4 14. Be2 Qc7 15. f4
exf3 16. Nxf3 Ng4 17. Nd1 Nxh2 18. Rf2 Qg3 19. Nc3 Nxf3+ 20. Rxf3 Qh2+ 21. Kf2
Bg4 0-1

[Event "AUTO-MASTER-1573"]
[Site "http://www.queenalice.com/game.php?id=1096298"]
[Date "2012.8.25"]
[Round "2"]
[White "Ronsini"]
[Black "Alicepolgar"]
[Result "1-0"]
[WhiteElo "2269"]
[BlackElo "2150"]

1. e4 e6 2. d4 d5 3. Nc3 Nf6 4. Bg5 Be7 5. e5 Nfd7 6. h4 a6 7. Qg4 h5 8. Qg3
Bxg5 9. hxg5 c5 10. dxc5 Nxc5 11. g6 f6 12. Nf3 Nc6 13. O-O-O Bd7 14. Re1 d4 15.
Ne4 Nxe4 16. Rxe4 f5 17. Reh4 Qa5 18. Rxh5 Rxh5 19. Rxh5 O-O-O 20. Kb1 Qc5 21.
a3 Kb8 22. Bd3 Rc8 23. Rh7 Rg8 24. Bxf5 Ne7 25. Bd3 Ka7 26. Qf4 1-0